Recursion Theory
Saved in:
| Main Author: | |
|---|---|
| Format: | Book |
| Language: | English |
| Published: |
Berlin :
Springer Verlag,
c1993
|
| Series: | Lecture notes in logic ;
; 1 |
| Tags: |
Add Tag
No Tags, Be the first to tag this record!
|
MARC
| LEADER | 00000nam a2200000 i 4500 | ||
|---|---|---|---|
| 001 | 1/38070 | ||
| 008 | 950116s1993 eng d | ||
| 020 | |a 3-540-57093-4 | ||
| 035 | |a 1995 |c ΚΩΤΣΑΚΗΣ |l 10040678 | ||
| 040 | |a GR-MY-UA |b gre |e aacr | ||
| 041 | 0 | |a eng | |
| 100 | 1 | |a Shoenfield, Joseph R. |q (Joseph Robert) |d 1927- | |
| 245 | 1 | 0 | |a Recursion Theory / |c Joseph R. Shoenfield |
| 260 | |a Berlin : |b Springer Verlag, |c c1993 | ||
| 300 | |a 84 p.; |c 24 cm. | ||
| 490 | 1 | |a Lecture notes in logic |v ; 1 | |
| 830 | 0 | |a Lecture notes in logic ; |v ; 1 | |
| 852 | |a INST |b SAMOS |e 19950116 |h 511.35 SHO |p 005300006379 |q 005300006379 |t BK |y 0 | ||
| 909 | |a Σ |b 037922 | ||